| 000 | 01384nam a22002537a 4500 | ||
|---|---|---|---|
| 999 |
_c62115 _d62115 |
||
| 003 | Ge_BSU | ||
| 005 | 20240716120343.0 | ||
| 008 | 240716s2019 ge ||||| |||| 00| 0 geo d | ||
| 020 | _a9789941302435 | ||
| 041 | _ageo | ||
| 080 | _a327.2(5-011)გ-23 | ||
| 100 |
_aგაჩეჩილაძე, რევაზ, _e ავტორი. _922830 |
||
| 245 |
_aახლო აღმოსავლეთი : _b2 ტომად. ტ. 2, გეოპოლიტიკა / _cრევაზ გაჩეჩილაძე ; რედ.რუსუდან გორგაძე;ყდის დიზაინერი ია მახათაძე. |
||
| 250 | _aმე-4 გამოცემა. | ||
| 264 |
_aთბილისი : _bბაკურ სულაკაურის გამ-ბა, _c2019. |
||
| 300 |
_a284 გვ. : _bნახ., ცხრ. ; 23 სმ. |
||
| 501 | _aსაძიებელი: გვ. 279-284. | ||
| 504 | _aბიბლიოგრაფია: გვ. 263-278. | ||
| 653 | _aახლო აღმოსავლეთის გეოპოლიტიკა | ||
| 653 | _aგეოპოლიტიკა | ||
| 700 |
_aგორგაძე, რუსუდან _e რედაქტორი _922831 |
||
| 700 |
_aმახათაძე, ია _eყდის დიზაინერი _95299 |
||
| 942 |
_2udc _cBK |
||